000 00353nam a2200097Ia 4500
008 180130s9999 xx 000 0 und d
245 _cIbarra, Herminia; Hansen, Morten T.
_aAre you a collaborative leader?
260 _c2013
300 _aBook title: HBR's 10 must reads on collaboration--Acession number C20792; pages 1 - 14
650 _aBUSINESS NETWORKS
999 _c354438
_d354438